[Event "Lev Polugaevsky Mem"]
[Site "Samara RUS"]
[Date "2011.07.05"]
[Round "1"]
[White "Kondenko,A"]
[Black "Litvinov,Maxim"]
[Result "1-0"]
[WhiteElo "2237"]
[BlackElo "1753"]

1.c4 e5 2.g3 Nf6 3.Bg2 Bc5 4.Nc3 Nc6 5.e3 O-O 6.a3 a5 7.Nge2 Re8 8.O-O d6
9.h3 Bf5 10.d4 exd4 11.exd4 Bb6 12.g4 Be4 13.Nxe4 Nxe4 14.Qd3 Nf6 15.Be3 d5
16.c5 Ba7 17.Ng3 h6 18.g5 hxg5 19.Bxg5 Ne7 20.Bxf6 gxf6 21.Rfe1 Ng6 22.Nh5 Rxe1+
23.Rxe1 c6 24.Re6 Qc7 25.Rxf6 Re8 26.Rxg6+ fxg6 27.Qxg6+ Kf8 28.Qh6+ Ke7
29.Ng7 Rg8 30.Qh7 Rf8 31.Ne6+  1-0

[Event "ch-BEL Open"]
[Site "Antwerp BEL"]
[Date "2011.07.06"]
[Round "5.6"]
[White "Barbier,Wim"]
[Black "Hamblok,R"]
[Result "1/2-1/2"]
[WhiteElo "2147"]
[BlackElo "2241"]

1.c4 e5 2.g3 d6 3.Bg2 f5 4.d4 Be7 5.dxe5 dxe5 6.Qxd8+ Bxd8 7.b3 c6 8.Bb2 Nd7
9.Nc3 Ngf6 10.Nf3 a5 11.Nd1 Bc7 12.Ne3 g6 13.O-O O-O 14.Rfd1 Re8 15.Rac1 Nc5
16.Nc2 Ng4 17.Nfe1 Bb6 18.e3 Nh6 19.Nd3 Nf7 20.Ba3 Nxd3 21.Rxd3 Be6 22.Rcd1 Bc7
23.R3d2 Rac8 24.Bf1  1/2-1/2

[Event "6th Polonia Wroclaw Open A"]
[Site "Wroclaw POL"]
[Date "2011.07.06"]
[Round "4"]
[White "Heberla,B"]
[Black "Kubien,J"]
[Result "1/2-1/2"]
[WhiteElo "2539"]
[BlackElo "2191"]

1.c4 e5 2.g3 Nf6 3.Bg2 c5 4.Nc3 Nc6 5.d3 Be7 6.Bg5 O-O 7.Bxf6 Bxf6 8.e3 d6
9.Nge2 g6 10.a3 Bg7 11.Rb1 Be6 12.b4 Rb8 13.O-O Qd7 14.Qa4 Rfc8 15.Kh1 b6
16.Nd5 Kf8 17.Nec3 Ne7 18.Qb3 Nxd5 19.Bxd5 h5 20.b5 Kg8 21.a4 Bf6 22.Qd1 Kg7
23.Kg1 Rf8 24.Ra1 Bd8 25.Ra2 Bg4 26.Bf3 f5 27.Bxg4 fxg4 28.f3 gxf3 29.Rxf3 Bg5
30.Raf2 Qg4 31.Qf1 Rxf3 32.Rxf3 Qe6 33.Nd5 Rb7 34.Kg2 Rd7 35.h3 Bd8 36.Nc3 Bf6
37.Qe2 Bg5 38.Rf2 Rf7 39.Rxf7+ Qxf7 40.Qf3 Qxf3+ 41.Kxf3 Kf7 42.Ke4 Ke6 43.Ne2 Bf6
44.Ng1 Be7 45.Nf3 Bf6 46.Nh4 Bxh4 47.gxh4 d5+ 48.cxd5+ Kd6 49.d4 exd4 50.exd4 c4
51.Kf3 Kxd5 52.Ke3 c3 53.Kd3 c2 54.Kxc2 Kxd4 55.Kb3 Kd3 56.Kb4 Ke3 57.Kc4 Ke4
58.Kc3 Kf4 59.Kd4 Kg3 60.Kd5 Kxh4 61.Kc6 g5 62.Kb7 g4 63.hxg4 hxg4 64.Kxa7 g3
65.Kxb6 g2 66.a5 g1=Q+ 67.Ka6 Qf1 68.Kb6 Qf6+ 69.Kb7 Qf7+ 70.Ka6 Qc4 71.Kb6 Qe6+
72.Kb7 Qd7+ 73.Ka6 Qc8+ 74.Ka7 Qc5+ 75.Ka6 Kg5 76.b6 Kf6 77.b7 Qc7 78.b8=Q  1/2-1/2

[Event "5th Varna Open"]
[Site "Golden Sands BUL"]
[Date "2011.07.07"]
[Round "6"]
[White "Soyunlu,N"]
[Black "Filev,G"]
[Result "0-1"]
[WhiteElo "1827"]
[BlackElo "2357"]

1.c4 e5 2.g3 Nf6 3.Bg2 d5 4.cxd5 Nxd5 5.Nc3 Nb6 6.Nf3 Nc6 7.d3 Be7 8.O-O O-O
9.a3 Be6 10.b4 a5 11.b5 Nd4 12.Nxd4 exd4 13.Na4 Bd5 14.Nxb6 cxb6 15.Qa4 Bxg2
16.Kxg2 Bc5 17.Bf4 Re8 18.Rfe1 Re6 19.Kg1 Qd5 20.Qc2 Rae8 21.Ra2 Qf5 22.Kg2 g5
23.Bc1 Rf6 24.Rf1 Rh6 25.Rh1 Qh3+ 26.Kg1 Rhe6 27.Qd1 Re5 28.Rc2 Qe6 29.Kf1 Qd5
30.Kg1 Qb3 31.Kg2 Qxb5 32.h4 Qc6+ 33.Kg1 g4 34.e4 dxe3 35.Bxe3 Qd7 36.Rc4 h5
37.d4 Re4 38.Qa1 Bd6 39.Kh2 Qe7 40.Bg5 Qe6 41.d5 Qf5 42.Rc2 Bxg3+ 43.fxg3 Re2+  0-1

[Event "Naantalin Open"]
[Site "Naantali FIN"]
[Date "2011.07.07"]
[Round "6"]
[White "Kiik,K"]
[Black "Pudas,T"]
[Result "1/2-1/2"]
[WhiteElo "2425"]
[BlackElo "2228"]

1.c4 e5 2.g3 c6 3.Bg2 d5 4.cxd5 cxd5 5.d4 e4 6.Nc3 Bb4 7.f3 Nf6 8.Bg5 Nbd7
9.Nh3 h6 10.Bxf6 Bxc3+ 11.bxc3 Nxf6 12.Qa4+ Bd7 13.Qb4 exf3 14.exf3 Qe7+
15.Kd2 Qxb4 16.cxb4 Ke7 17.Nf2 Rhc8 18.Rhc1 Rxc1 19.Rxc1 a5 20.Nd3 axb4 21.Nxb4 Ra4
22.Re1+ Kd6 23.Kc3 Ra8 24.Kb3 Bb5 25.Bh3 Nd7 26.Bxd7 Bc4+ 27.Kb2 Kxd7 28.a3 g5
29.Nc2 Ra6 30.Re3 Rb6+ 31.Nb4 Re6 32.Rxe6 Kxe6 33.Nc2 Be2 34.Ne1 Kf5 35.Kc3 g4
36.fxg4+ Ke4 37.a4 b6 38.h3 Bd1 39.Nd3 Bxa4 40.Nf4 Bc6 41.Nh5 Kf3 42.Kb4 Ba8
43.Ng7 Kxg3 44.Nf5+ Kxh3 45.Nxh6 f6 46.Kb5 Bb7 47.Kxb6 Bc8 48.Ng8 Kxg4 49.Nxf6+ Kf5
50.Nxd5 Ke6 51.Kc5 Bb7  1/2-1/2

[Event "9th Niki Open"]
[Site "Nachod CZE"]
[Date "2011.07.07"]
[Round "6.37"]
[White "Kunes,J"]
[Black "Hubacek,O"]
[Result "0-1"]
[WhiteElo "1878"]
[BlackElo "2004"]

1.c4 e5 2.g3 Nf6 3.Bg2 g6 4.Nc3 Bg7 5.Nf3 d6 6.O-O O-O 7.b3 Nbd7 8.Bb2 c6
9.d4 e4 10.Ne1 d5 11.f3 exf3 12.Bxf3 Nb6 13.c5 Nbd7 14.b4 h5 15.Bc1 Re8 16.Bg5 Nf8
17.Bg2 Ne6 18.Bxf6 Bxf6 19.Nf3 Kg7 20.a4 h4 21.gxh4 Nf4 22.Qd2 Nxg2 23.Kxg2 Qd7
24.Kh1 Qh3 25.Qf4 Bf5 26.Rg1 Be4 27.Rg3 Qf5 28.Qxf5 Bxf5 29.h5 Re3 30.Rc1 Rh8
31.hxg6 fxg6 32.Kg2 Re7 33.Kf2 Be4 34.Rcg1 Bxf3 35.Rxg6+ Kf7 36.Rxf6+ Kxf6
37.Kxf3 Rxh2 38.Kg3 Reh7 39.Rf1+ Kg5  0-1

[Event "Lev Polugaevsky Mem"]
[Site "Samara RUS"]
[Date "2011.07.07"]
[Round "3"]
[White "Pogorelskikh,S"]
[Black "Kobylsky,E"]
[Result "0-1"]
[WhiteElo "2296"]
[BlackElo "2059"]

1.c4 e5 2.g3 Nf6 3.Bg2 Nc6 4.Nc3 Bc5 5.e3 a6 6.Nge2 d6 7.O-O O-O 8.a3 Ba7
9.b4 Be6 10.d3 Qd7 11.Re1 d5 12.c5 Ne7 13.Bb2 c6 14.Na4 Ng6 15.Qc2 Rad8 16.Nb6 Qc7
17.Na4 Qe7 18.h3 h5 19.Rad1 Nh7 20.f4 Bb8 21.Rf1 f5 22.fxe5 Nxe5 23.Nf4 Bf7
24.Qf2 Ng5 25.Nc3 Rde8 26.Nce2 Nd7 27.Bd4 Nh7 28.h4 Nhf6 29.Bh3 g6 30.Rde1 Ne5
31.Bxe5 Bxe5 32.Nd4 Ng4 33.Bxg4 fxg4 34.Nde2 a5 35.d4 Bc7 36.Nc3 axb4 37.axb4 g5
38.hxg5 Qxg5 39.Qh2 Bg6 40.Ng2 Bd3 41.Rxf8+ Kxf8 42.Nf4 Bxf4 43.gxf4 Qh6
44.Qh4 Kf7 45.Kf2 Rh8 46.Ra1 Qf6 47.Kg3 Qxh4+ 48.Kxh4 Kg6 49.Rd1 Ba6 50.e4 dxe4
51.Nxe4 Kf5 52.Ng3+ Kxf4 53.d5 cxd5 54.Rxd5 Ke3 55.Rd6 Bb5 56.Nf5+ Kf2 57.Nd4 Bc4
58.Rf6+ Ke3 59.Nf5+ Kd3 60.Rb6 Rh7 61.Ng3 Bd5 62.Rd6 Kc4 63.Nf5 Bc6 64.Rd4+ Kc3
65.Rf4 Rf7 66.b5 Bxb5 67.Kxh5 Bd7 68.Rc4+ Kxc4 69.Nd6+ Kxc5 70.Nxf7 g3 71.Ng5 g2
72.Nf3 Bc6 73.Ng1  0-1

[Event "6th Polonia Wroclaw Open A"]
[Site "Wroclaw POL"]
[Date "2011.07.08"]
[Round "7"]
[White "Walentukiewicz,M"]
[Black "Somyk,M"]
[Result "1/2-1/2"]
[WhiteElo "2071"]
[BlackElo "1931"]

1.c4 e5 2.g3 Nf6 3.Bg2 d5 4.cxd5 Nxd5 5.Nc3 Nb6 6.Nf3 Nc6 7.O-O Be7 8.d3 Be6
9.a4 a5 10.Be3 Nd5 11.Nxd5 Bxd5 12.Rc1 f6 13.Bc5 Bxc5 14.Rxc5 Nb4 15.e4 Bf7
16.d4 exd4 17.Nxd4 O-O 18.Nf5 Qxd1 19.Rxd1 c6 20.Rd7 b6 21.Rc1 g6 22.Ne7+ Kh8
23.Rd6 Be8 24.e5 fxe5 25.Nxc6 Bxc6 26.Bxc6 Rad8 27.Rxd8 Rxd8 28.Bb5 Rd2 29.b3 Nc2
30.h4  1/2-1/2

[Event "5th Varna Open"]
[Site "Golden Sands BUL"]
[Date "2011.07.09"]
[Round "8"]
[White "Soyunlu,N"]
[Black "Isgandarova,K"]
[Result "1/2-1/2"]
[WhiteElo "1827"]
[BlackElo "2163"]

1.c4 e5 2.g3 Nf6 3.Bg2 d5 4.cxd5 Nxd5 5.Nc3 Nb6 6.Nf3 Nc6 7.d3 Be7 8.O-O O-O
9.a3 Re8 10.b4 Bf8 11.Rb1 Nd4 12.Nd2 c6 13.e3 Ne6 14.Nc4 Nc7 15.Qc2 Nbd5
16.Ne4 f5 17.Nc5 b6 18.Nb3 Bd6 19.e4 Nf6 20.Bb2 Ba6 21.exf5 Ncd5 22.Rfe1 Qc7
23.Nbd2 Rad8 24.Nf3 Ne7 25.Nfxe5 Nxf5 26.Rbd1 Bb7 27.Bh3 Nh6 28.Nxd6 Qxd6
29.Qc4+ Nd5 30.Bg2 Rf8 31.a4 Kh8 32.b5 cxb5 33.axb5 Ba8 34.Qb3 Qc5 35.d4 Qc8
36.Rc1 Qf5 37.Qc2 Qf6 38.Ba3 Rfe8 39.Nc6 Bxc6 40.Qxc6 Rxe1+ 41.Rxe1 Qxd4
42.Re8+ Rxe8 43.Qxe8+ Ng8 44.Bxd5 Qxd5 45.Qc6 Qa2 46.Bf8 h6 47.Bd6 Qa1+ 48.Kg2 Nf6
49.Qc8+ Kh7 50.Qc2+ Kg8 51.Qc4+ Kh7 52.Qc2+ Kg8  1/2-1/2

[Event "Oberwart Open"]
[Site "Oberwart AUT"]
[Date "2011.07.09"]
[Round "1.10"]
[White "Videki,S"]
[Black "Odor,I"]
[Result "1-0"]
[WhiteElo "2460"]
[BlackElo "2071"]

1.c4 e5 2.g3 Nf6 3.Bg2 Nc6 4.Nc3 Bc5 5.Nf3 O-O 6.O-O d6 7.d3 h6 8.e3 a5 9.a3 Bb6
10.Bd2 Bf5 11.Ne1 Nd7 12.Nd5 a4 13.Nxb6 Nxb6 14.Rc1 Nd7 15.f4 Nc5 16.Bc3 f6
17.Rc2 Qd7 18.Rcf2 Be6 19.Bd5 Bxd5 20.cxd5 Ne7 21.e4 c6 22.dxc6 Nxc6 23.Nc2 Rac8
24.Ne3 Ne7 25.Bb4 Qb5 26.Bxc5 Qxc5 27.Qd2 b5 28.Kh1 Rc7 29.g4 Ng6 30.Nd5 Rcf7
31.Rc1 Qd4 32.f5 Ne7 33.Nc7 Rc8 34.Rff1 Nc6 35.Nxb5 Qb6 36.Nxd6 Rb8 37.Nxf7 Kxf7
38.Qc2  1-0

[Event "8th South Wales Int"]
[Site "Penarth WLS"]
[Date "2011.07.09"]
[Round "2.8"]
[White "Thomas,Jam"]
[Black "Cobb,J"]
[Result "0-1"]
[WhiteElo "1860"]
[BlackElo "2408"]

1.c4 e5 2.g3 Nc6 3.Bg2 Nf6 4.Nc3 g6 5.d3 Bg7 6.e4 d6 7.Nge2 O-O 8.O-O a6
9.h3 Rb8 10.a3 b5 11.b4 Nd4 12.cxb5 Nxe2+ 13.Qxe2 axb5 14.Bb2 Be6 15.Nd5 Re8
16.Nxf6+ Bxf6 17.f4 Bg7 18.f5 Bb3 19.Qf3 c5 20.g4 Rb7 21.f6 Bf8 22.h4 d5
23.h5 Rd7 24.hxg6 hxg6 25.Qh3 dxe4 26.Bxe4 Bd5 27.Rf2 cxb4 28.Rh2 Bc5+ 29.d4 Qxf6
30.dxc5 Bxe4 31.Qh7+ Kf8 32.Rf1 Qg7 33.axb4 Qxh7 34.Rxh7 Kg8 35.Rh2 Bd3 36.Re1 f6
37.Rd2 Red8 38.g5 fxg5 39.Rxe5 Bf5 40.Rxd7 Rxd7 41.Re8+ Kf7 42.Re2 g4 43.Bc3 Rd3
44.Be1 Rd4 45.Re3 Be4 46.Kf2 Bc6 47.Kg3 g5 48.Bc3 Rf4 49.Be1 Be4 50.Bd2 Bc6
51.Be1 Rf3+ 52.Rxf3+ gxf3 53.Bd2 Kg6 54.Be1 Kf5 55.Bd2 g4  0-1

[Event "WCh-IPCA Open B"]
[Site "Piestany SVK"]
[Date "2011.07.09"]
[Round "9"]
[White "Uogele,A"]
[Black "Lukic,T"]
[Result "1-0"]
[WhiteElo "2142"]
[BlackElo "1861"]

1.c4 e5 2.g3 Nf6 3.Bg2 Bc5 4.e3 Nc6 5.Nc3 O-O 6.Nge2 a6 7.O-O Re8 8.d4 Ba7
9.d5 Ne7 10.d6 Nf5 11.dxc7 Qxc7 12.b3 d6 13.Nd5 Nxd5 14.Qxd5 Ne7 15.Qd2 Be6
16.Ba3 Rad8 17.Rac1 Rd7 18.Rfd1 Red8 19.h3 h5 20.Nc3 Bb8 21.Nd5 Bxd5 22.Bxd5 Nxd5
23.Qxd5 Qc6 24.Rd2 Qxd5 25.Rxd5 f6 26.f4 g6 27.Kg2 Kf7 28.g4 Ke6 29.e4 f5
30.exf5+ gxf5 31.g5 Ba7 32.Kf3 e4+ 33.Ke2 Bc5 34.Bxc5 dxc5 35.Re5+ Kf7 36.Rxf5+ Kg7
37.Rxc5 Rd3 38.Rd5 R8xd5 39.cxd5 Kg6 40.Rc7 Rxh3 41.Re7 Kf5 42.Rf7+ Kg4 43.g6 Rh2+
44.Ke3 Rg2 45.g7 Kh3 46.d6  1-0

[Event "Lev Polugaevsky Mem"]
[Site "Samara RUS"]
[Date "2011.07.09"]
[Round "5"]
[White "Maletin,P"]
[Black "Pasiev,R"]
[Result "1-0"]
[WhiteElo "2575"]
[BlackElo "2313"]

1.c4 e5 2.g3 Nc6 3.Nc3 d6 4.Bg2 Be6 5.d3 Qd7 6.e4 g6 7.Nd5 Bg7 8.Ne2 Nce7
9.d4 c6 10.Ne3 exd4 11.Nxd4 Bh3 12.Ndf5 Bxf5 13.exf5 Nxf5 14.Nxf5 Qxf5 15.O-O Rd8
16.Re1+ Ne7 17.Bf4 Be5 18.Qe2 O-O 19.Bxe5 dxe5 20.Qxe5 Qxe5 21.Rxe5 Rfe8
22.Rae1 Kf8 23.Bh3 f5 24.R1e3 Nc8 25.Rxe8+ Rxe8 26.Rb3 b6 27.Kf1 Re5 28.Rd3 Ke7
29.Bg2 Rc5 30.b3 b5 31.cxb5 cxb5 32.Ke2 Rc2+ 33.Rd2 Rxd2+ 34.Kxd2 Kd6 35.Kc3 a5
36.b4 a4 37.Kd4 Ne7 38.f4 h6 39.a3 Nc8 40.h4 Nb6 41.Bf1 Kc6 42.h5 gxh5 43.Bd3 Nd7
44.Bxf5 Nf6 45.Ke5 Ne8 46.Be4+ Kc7 47.Bd3  1-0

[Event "ch-BEL Open"]
[Site "Antwerp BEL"]
[Date "2011.07.10"]
[Round "9.7"]
[White "Barbier,Wim"]
[Black "Noiroux,K"]
[Result "0-1"]
[WhiteElo "2147"]
[BlackElo "2199"]

1.c4 e5 2.g3 Nf6 3.Bg2 Nc6 4.Nc3 Bb4 5.Nd5 d6 6.e3 a5 7.Ne2 O-O 8.O-O Bc5
9.f4 Nxd5 10.cxd5 Ne7 11.Kh1 f6 12.d4 Bb6 13.dxe5 fxe5 14.e4 c6 15.fxe5 Rxf1+
16.Qxf1 dxe5 17.Nc3 h6 18.Bd2 Bd4 19.dxc6 bxc6 20.Qc4+ Kh8 21.Qf7 Ra7 22.Rf1 Ng8
23.Qf8 Qxf8 24.Rxf8 Be6 25.b3 Rd7 26.Na4 Kh7 27.Bxa5 Nf6 28.Rd8 Ra7 29.Bc3 Rxa4
30.bxa4 Bxc3 31.Ra8 Bd4 32.a5 Kg6 33.a6 Bd7 34.Rb8 Be6 35.a4 Bc4 36.Ra8 Bd3
37.h3 c5 38.Bf3 c4 39.Kh2 c3 40.Bd1 c2 41.Bxc2 Bxc2 42.Rc8 Bxe4 43.Rc7 Nd5
44.Rc6+ Kh7 45.a5 Ne3  0-1

[Event "5th Varna Open"]
[Site "Golden Sands BUL"]
[Date "2011.07.10"]
[Round "9"]
[White "Sofranov,V"]
[Black "Ivelinov,H"]
[Result "1-0"]
[WhiteElo "2053"]
[BlackElo "2250"]

1.c4 e5 2.g3 Nc6 3.Nc3 d6 4.Bg2 Be6 5.d3 Qd7 6.e4 f5 7.Nge2 Nf6 8.Nd5 fxe4
9.dxe4 Be7 10.f3 O-O 11.O-O Rf7 12.Be3 Raf8 13.Qd2 Bh3 14.Nec3 Bxg2 15.Kxg2 b6
16.b4 Nxd5 17.Nxd5 Nd8 18.Rad1 Ne6 19.b5 Bd8 20.Nb4 h6 21.Nc6 Qc8 22.Nxa7 Qa8
23.Nc6 Bg5 24.Rde1 Qa4 25.Qd5 Qc2+ 26.Rf2 Qc3 27.Qxe6 Bxe3 28.Ne7+ Kh7 29.Rxe3 Qxe3
30.Ng6 Qxf2+ 31.Kxf2 Rxf3+ 32.Kg2 Rf2+ 33.Kg1 Rf1+ 34.Kg2 R8f2+ 35.Kh3 Rf6
36.Qd7 Rxg6 37.Qxc7 Rf2 38.Qxb6 Rxa2 39.Qc7 Rf6 40.b6 h5 41.b7 Rff2 42.Kh4 Kh6
43.Qxg7+ Kxg7 44.b8=Q Rxh2+ 45.Kg5 Rad2 46.Qc7+ Kf8 47.Qd8+ Kf7 48.Qd7+ Kf8
49.Kg6  1-0

[Event "Karvina Open"]
[Site "Karvina CZE"]
[Date "2011.07.10"]
[Round "9.25"]
[White "Stehlik,Jiri"]
[Black "Fuskova,M"]
[Result "1-0"]
[WhiteElo "2015"]
[BlackElo "1677"]

1.c4 e5 2.g3 Nf6 3.Bg2 Nc6 4.Nc3 Bc5 5.a3 a5 6.e3 d6 7.Nge2 O-O 8.O-O Re8
9.d3 Bf5 10.e4 Be6 11.h3 Qd7 12.Kh2 Nd4 13.Nxd4 Bxd4 14.Ne2 Bb6 15.f4 Qc8
16.f5 Bd7 17.g4 h6 18.Ng3 c6 19.h4 Qd8 20.g5 hxg5 21.hxg5 Nh7 22.Qh5 Qe7
23.Rf3 Bd8 24.g6 fxg6 25.Qxg6 Qf6 26.Bh3 Ng5 27.Bxg5 Qxg5 28.Qxd6 Qd2+ 29.Bg2 Bc8
30.Qg6 Rf8 31.Nh5 Qg5 32.Rg3 Qxg6 33.Rxg6 Rf7 34.Bh3 b6 35.Rag1 Raa7 36.Rxc6  1-0

[Event "8th South Wales Int"]
[Site "Penarth WLS"]
[Date "2011.07.10"]
[Round "3.13"]
[White "Vickery,S"]
[Black "Brown,Mart"]
[Result "0-1"]
[WhiteElo "1753"]
[BlackElo "2130"]

1.c4 e5 2.g3 Nf6 3.Bg2 d5 4.cxd5 Nxd5 5.Nc3 Nb6 6.d3 Be7 7.Nf3 Nc6 8.O-O O-O
9.Be3 Kh8 10.a4 a5 11.d4 Nc4 12.b3 Nxe3 13.fxe3 Bb4 14.Nb5 e4 15.Nd2 f5 16.Rc1 Be6
17.Nc4 Ne7 18.Nba3 c6 19.Nc2 b5 20.axb5 cxb5 21.N4a3 Bxb3 22.Rb1 a4 23.Rxb3 axb3
24.Nxb4 Rxa3 25.Qd2 Qa5 26.d5 Nxd5 27.Qxd5 Qxb4 28.Bxe4 fxe4  0-1

[Event "34th Aegean Open"]
[Site "Aghios Kirykos GRE"]
[Date "2011.07.11"]
[Round "3"]
[White "Pountzas,H"]
[Black "Samolins,V"]
[Result "0-1"]
[WhiteElo "2177"]
[BlackElo "2412"]

1.c4 e5 2.g3 Nc6 3.Bg2 g6 4.Nc3 Bg7 5.e3 d6 6.Nge2 f5 7.d4 e4 8.b4 a6 9.Rb1 Nf6
10.Qb3 O-O 11.Nf4 Ne7 12.h4 h6 13.a4 Qe8 14.c5+ d5 15.Ncxd5 Nexd5 16.Nxd5 Nxd5
17.Qxd5+ Be6 18.Qxb7 Qf7 19.b5 Rfb8  0-1

[Event "XX Adolf Anderssen Memorial Open"]
[Site "Wroclaw POL"]
[Date "2011.07.11"]
[Round "5"]
[White "Malaniuk,V"]
[Black "Kislinsky,A"]
[Result "1/2-1/2"]
[WhiteElo "2455"]
[BlackElo "2521"]

1.c4 e5 2.g3 g6 3.Bg2 Bg7 4.Nc3 Nc6 5.d3 d6 6.Rb1 Be6 7.b4 Qd7 8.Nd5 Nd8
9.b5 c6 10.bxc6 bxc6 11.Nc3 Nf6 12.Ba3 Rc8 13.Nf3 h6 14.O-O O-O 15.Qa4 Re8  1/2-1/2

[Event "XX Adolf Anderssen Memorial Open"]
[Site "Wroclaw POL"]
[Date "2011.07.11"]
[Round "9"]
[White "Markowski,T"]
[Black "Klim,K"]
[Result "1-0"]
[WhiteElo "2611"]
[BlackElo "2328"]

1.g3 e5 2.c4 Nc6 3.Nc3 f5 4.Bg2 Nf6 5.e3 d5 6.Nxd5 Nxd5 7.cxd5 Nb4 8.d3 Nxd5
9.Nf3 Bd6 10.O-O Nf6 11.b3 O-O 12.Bb2 Qe7 13.Qc2 Bd7 14.Nd2 c6 15.Nc4 Nd5
16.a3 Rae8 17.e4 Nc7 18.exf5 Bxf5 19.Rae1 Nb5 20.a4 Nc7 21.Bxe5 Bxe5 22.Nxe5 Qd6
23.Qc3 Be6 24.d4 Nd5 25.Qb2 Nb4 26.Qc3 Nd5 27.Nc4 Qc7 28.Qd2 Nb6 29.Nxb6 Qxb6
30.d5 cxd5 31.Bxd5 Bxd5 32.Qxd5+ Kh8 33.Rxe8 Rxe8 34.a5 Qb4 35.Rd1 h6 36.h4 Rc8
37.Kg2 Qe7 38.Rd3 Rc5 39.Qf3 Rxa5 40.Re3 Re5 41.Rxe5 Qxe5 42.Qxb7 a5 43.Qc8+ Kh7
44.Qc4 Kg6 45.Qd3+ Kf7 46.Qe3 Qd5+ 47.Kh2 g5 48.h5 Kf6 49.Qb6+ Kf5 50.Qxh6 Kg4
51.Qg6 a4 52.h6 Qf3  1-0

[Event "XXXIV Open"]
[Site "Barbera del Valles ESP"]
[Date "2011.07.12"]
[Round "9"]
[White "Narciso Dublan,M"]
[Black "Carlsson,P"]
[Result "0-1"]
[WhiteElo "2544"]
[BlackElo "2496"]

1.c4 e5 2.g3 Nf6 3.Bg2 h6 4.d3 Bb4+ 5.Nd2 O-O 6.Nf3 Re8 7.O-O a5 8.a3 Bxd2
9.Bxd2 a4 10.e4 d6 11.Qc2 c5 12.h3 Nc6 13.Rae1 Be6 14.Qd1 Qd7 15.Kh2 b5 16.cxb5 Ne7
17.Nh4 Ng6 18.Nf5 d5 19.Ne3 dxe4 20.dxe4 Red8 21.Bc3 Qxb5 22.Qf3 Rd3 23.Qe2 c4
24.Nc2 Rad8 25.Nb4 R3d7 26.f4 exf4 27.gxf4 Nh5 28.f5 Qb8+ 29.e5 Nhf4 30.Qe4 Bxf5
31.Qxf5 Nxg2 32.Re2 N2h4 33.Qg4 Rd1 34.Ref2 Nxe5 35.Qxd1 Ng4+  0-1

[Event "St Pauli Open"]
[Site "Hamburg GER"]
[Date "2011.07.12"]
[Round "5.14"]
[White "Petrosian,S"]
[Black "Rieling,T"]
[Result "1-0"]
[WhiteElo "2381"]
[BlackElo "2133"]

1.g3 e5 2.c4 Nc6 3.Bg2 g6 4.Nc3 Bg7 5.e3 d6 6.Nge2 f5 7.d4 Nf6 8.b4 O-O 9.b5 Ne7
10.dxe5 dxe5 11.Qb3 c5 12.bxc6 bxc6 13.Ba3 Bd7 14.Rb1 Re8 15.O-O Rb8 16.Qxb8  1-0

[Event "Oberwart Open"]
[Site "Oberwart AUT"]
[Date "2011.07.12"]
[Round "4"]
[White "Titz,Hei"]
[Black "Kummer,Hel"]
[Result "1/2-1/2"]
[WhiteElo "2161"]
[BlackElo "2362"]

1.c4 e5 2.g3 Nf6 3.Bg2 d5 4.cxd5 Nxd5 5.Nc3 Nb6 6.Nf3 Nc6 7.O-O Be7 8.d3 O-O
9.a3 Be6 10.b4 f6 11.Bb2 a6 12.Na4 Qd7 13.Nxb6 cxb6 14.Qd2 b5 15.Bc3 Rfd8
16.Qb2 Rac8 17.Rfc1 Bd5 18.Nd2 Bxg2 19.Kxg2 Qe6 20.Qb3 Kf7 21.Qxe6+ Kxe6
22.f4 exf4 23.gxf4 f5 24.Nf3 Bd6 25.Bd2 Be7 26.Rc2 Bf6 27.Rac1 Ne7 28.Kf2 Rc6
29.Rxc6+ Nxc6 30.Bc3 Bxc3 31.Rxc3 g6 32.h4 h6 33.Rc5 Rd5 34.Rc1 Kf6 35.Ke3 Rd6
36.Kd2 Rd8 37.Rc5 Re8 38.e3 Rd8 39.d4 Rd6 40.Ne5 Ke7 41.Kd3 Nxe5+ 42.Rxe5+ Kf6
43.e4 fxe4+ 44.Kxe4 Rc6 45.Rc5 Rxc5 46.bxc5 h5 47.d5 a5 48.Kd4 Ke7 49.Kc3  1/2-1/2

[Event "Oberwart Open"]
[Site "Oberwart AUT"]
[Date "2011.07.13"]
[Round "5"]
[White "Groh,J"]
[Black "Marjanovic,Slavk"]
[Result "1/2-1/2"]
[WhiteElo "2116"]
[BlackElo "1955"]

1.c4 e5 2.g3 d6 3.Bg2 g6 4.Nf3 Bg7 5.d4 exd4 6.Nxd4 Ne7 7.O-O O-O 8.Nc3 Nbc6
9.e3 Nxd4 10.exd4 Nc6 11.Be3 Re8 12.Nd5 h6 13.Qd2 Kh7 14.Rfe1 Ne7 15.Nxe7 Rxe7
16.d5 Qh8 17.Re2 b6 18.Bf3 Ba6 19.Rc1 Rae8 20.b3 Bc8 21.h4 h5 22.Bg5 Rxe2
23.Bxe2 Bf6 24.Bd3 Bxg5 25.Qxg5 Qe5 26.Qxe5 Rxe5 27.Kg2 Kg7 28.Rd1 Kf6 29.f4 Re7
30.Kf2 Bf5 31.Bxf5 Kxf5 32.Rd4 a5 33.Rd2 Re4 34.Kf3 Re7 35.Rd1 Re8 36.Rh1  1/2-1/2

[Event "Oberwart Open"]
[Site "Oberwart AUT"]
[Date "2011.07.13"]
[Round "5"]
[White "Lizak,P"]
[Black "Wegerer,F"]
[Result "1-0"]
[WhiteElo "2391"]
[BlackElo "2142"]

1.c4 e5 2.g3 Nf6 3.Bg2 Nc6 4.Nc3 Bb4 5.Nd5 a5 6.Nf3 O-O 7.O-O Re8 8.a3 Bf8
9.d3 h6 10.b3 d6 11.Bb2 Bg4 12.h3 Bd7 13.e3 Nh7 14.b4 Ne7 15.Qc2 Ng6 16.e4 c6
17.Ne3 Qf6 18.h4 h5 19.Nh2 Qd8 20.Qe2 Nf6 21.Bf3 Bh3 22.Rfd1 axb4 23.axb4 Rxa1
24.Rxa1 d5 25.exd5 Bxb4 26.dxc6 e4 27.dxe4 bxc6 28.Rd1 Qe7 29.Bxh5 Nxe4 30.Bg4 Bxg4
31.Nexg4 Bc5 32.Qf3 Qe6 33.h5 f5 34.hxg6 fxg4 35.Qf7+ Qxf7 36.gxf7+ Kxf7
37.Nxg4 Nxg3 38.Ne5+ Kg8 39.Nxc6 Re2 40.Bd4 Ne4 41.f3 Nc3 42.Rd3 Na4 43.Bxc5 Nxc5
44.Rd5 Na4 45.Ra5 Nb2 46.c5 Nd3 47.Nd4 Re1+ 48.Kh2 Rc1 49.c6 Kh7 50.Rd5 Kg6
51.Rd6+ Kh5 52.Ne6 Nb4 53.c7 g6 54.Rd8 Rc2+ 55.Kg3  1-0

[Event "Oberwart Open"]
[Site "Oberwart AUT"]
[Date "2011.07.13"]
[Round "5"]
[White "Wagner,Stef AUT"]
[Black "Sandhoefner,F"]
[Result "1/2-1/2"]
[WhiteElo "2194"]
[BlackElo "2270"]

1.c4 e5 2.g3 Nf6 3.Bg2 Nc6 4.Nc3 Bc5 5.a3 d6 6.e3 a5 7.Nge2 O-O 8.O-O Bb6
9.h3 Bf5 10.d3 Re8 11.Rb1 Qd7 12.Kh2 Nd8 13.b4 axb4 14.axb4 c6 15.Bb2 d5
16.c5 Bc7 17.e4 Be6 18.Qc2 dxe4 19.dxe4 Bc4 20.Ra1 Ne6 21.Rfd1 Qe7 22.Rxa8 Rxa8
23.Nb1 Ba6 24.Na3 Rd8 25.Rxd8+ Qxd8 26.Nc4 Nd7 27.Bf3 Qe7 28.Ne3 g6 29.h4 Nd4
30.Nxd4 exd4 31.Bxd4 Qxh4+ 32.Kg2 Qe7 33.Nc4 Ne5 34.Nxe5 Bxe5 35.Qc3 f6 36.Bd1 Kg7
37.Bb3 Bc7 38.Qe3 Be5 39.f4 Bxd4 40.Qxd4 Be2 41.e5 fxe5 42.fxe5 h5 43.Kf2 Bg4
44.Ke3 Be6 45.Bc2 Bd5 46.Qf4 Qe6 47.Kd4 Ba2 48.Bd3 Bd5 49.Be2 Ba2 50.Bd3 Bd5
51.Be2 Ba2 52.Bd3  1/2-1/2

[Event "Opatija Summer Open"]
[Site "Opatija CRO"]
[Date "2011.07.13"]
[Round "3.5"]
[White "Tica,Sven"]
[Black "Plenca,Jadranko"]
[Result "0-1"]
[WhiteElo "1687"]
[BlackElo "1868"]

1.c4 e5 2.g3 Bc5 3.Bg2 Nc6 4.Nc3 d6 5.e3 Bf5 6.Nge2 Nb4 7.Qa4+ Bd7 8.Qb3 Nd3+
9.Kf1 Nf6 10.Ne4 Nxe4 11.Qxd3 f5 12.Nc3 O-O 13.Nxe4 fxe4 14.Bxe4 Qf6 15.f3 Bg4
16.Qd5+ Kh8 17.Qxb7 Rab8 18.Qd5 Rbc8 19.f4 c6 20.Qd3 exf4 21.gxf4 Qh4 22.b4 Rxf4+  0-1

[Event "Nana Aleksandria Cup"]
[Site "Poti GEO"]
[Date "2011.07.13"]
[Round "3"]
[White "Vakhania,A"]
[Black "Shalamberidze,A"]
[Result "1/2-1/2"]
[WhiteElo "2191"]
[BlackElo "2327"]

1.c4 e5 2.g3 d5 3.Bg2 Nf6 4.cxd5 Nxd5 5.Nc3 Nb6 6.Nf3 Nc6 7.O-O Be7 8.a3 Be6
9.b4 O-O 10.d3 f6 11.Bd2 a5 12.b5 Nd4 13.Nxd4 exd4 14.Na4 Bd5 15.Nxb6 cxb6
16.a4 Bxg2 17.Kxg2 Qd5+ 18.Kg1 Bc5 19.Qc2 Rfe8 20.Rfe1 Kh8 21.Qc4 Qf5 22.e3 dxe3
23.Bxe3 Bxe3 24.Rxe3 Rxe3 25.fxe3 Rc8 26.Qe4 Qxe4 27.dxe4 h5 28.Rd1 Rc3 29.Kf2 Rc2+
30.Kf3 Rxh2 31.Rd6 Ra2 32.Rxb6 Rxa4 33.Rxb7 Rb4 34.b6 Kh7 35.Kf4 Kg6 36.Ra7 f5
37.Rxa5 Rxe4+ 38.Kf3 Rb4 39.Ra6 Kg5 40.Ra7 Kf6 41.Rb7 g5 42.Rb8 Rb2 43.Rf8+ Ke5
44.Re8+ Kf6 45.Rf8+  1/2-1/2

[Event "Oberwart Open"]
[Site "Oberwart AUT"]
[Date "2011.07.14"]
[Round "6"]
[White "Loidl,F"]
[Black "Kummer,Hel"]
[Result "0-1"]
[WhiteElo "2174"]
[BlackElo "2362"]

1.c4 e5 2.g3 Nf6 3.Bg2 d5 4.cxd5 Nxd5 5.Nc3 Nb6 6.Nf3 Nc6 7.O-O Be7 8.d3 O-O
9.a3 a5 10.Na4 Nxa4 11.Qxa4 Be6 12.Be3 Bf6 13.Nd2 Nd4 14.Bxd4 Qxd4 15.Qxd4 exd4
16.Rfc1 c6 17.Ne4 Be7 18.Nc5 Bxc5 19.Rxc5 Rfd8 20.Rac1 a4 21.Kf1 Ra6 22.R1c2 Kf8
23.Ke1 f6 24.Be4 h6 25.f4 Ke7 26.h4 Rda8 27.e3 dxe3 28.Ke2 Kd6 29.Kxe3 Rb6
30.Kd4 Raa6 31.f5 Bd7 32.g4 Rb3 33.g5 hxg5 34.hxg5 Rab6 35.Rh2 Rxb2 36.Rh7 R6b5
37.Rxb5 Rxb5 38.Rxg7 Bxf5 39.gxf6 Be6 40.Rh7 Rb1 41.Rh1 Rb2 42.Rf1 Bf7 43.Bf5 Rh2
44.Ke4 Rh4+ 45.Ke3 Ke5 46.Bc8 b5 47.Bd7 Kd6 48.Bf5 c5 49.Ra1 Rh6 50.Kf4 Rxf6
51.Kg5 Ke7 52.Re1+ Be6 53.Bg4 Kf7 54.Bh5+ Kg7 55.Re5 Rf5+ 56.Rxf5 Bxf5 57.Kxf5 b4
58.Bf3 c4 59.axb4 a3 60.dxc4 a2 61.b5 a1=Q 62.Bd5 Qd4 63.Ke6 Qc5 64.Kd7 Kf6
65.Bc6 Qa7+ 66.Kc8 Ke6 67.c5 Qxc5 68.Kb7 Kd6  0-1